000 01407nam a2200241 4500
003 OSt
005 20230116121820.0
008 230116b |||||||| |||| 00| 0 eng d
040 _cLado V
082 _a708.9
_bT557d
100 _aTicoulat, Fernando
_9542
_eorganizador
245 _aDonde vive el arte en America Latina/
260 _aBrasil
_bArt Consulting Tool
_c2021
300 _a447p.
_bil (col)
_c23x32 cm
505 _tVirginia Pérez-Ratton. Una práctica situada / Virginia Pérez-Ratton. A situated practice
_rMiguel A. López, M. Paola Malavasi Lachner
_tVirginia Pérez-Ratton y la reinvención de Centroamérica / Virginia Pérez-Ratton and the reivention of Central America
_rPaulo Herkenhoff
_t¿Qué región? Apuntando hacia un estrecho dudoso / What region? Pointing toward a dubious strait
_rVirginia Pérez-Ratton
_tDar voz es llenar un vacío / To give voice is to fill a void
_rMari Carmen Ramírez
_tSemblanza / Biographical sketch
_tCatálogo / Catalogue
_tCréditos / Credits
650 _2Tesauro de Arte & Arquitectura
_aARTE LATINOAMERICANO
650 _2Tesauro de Arte & Arquitectura
_aCRITICA SOCIAL
650 _2Tesauro de Arte & Arquitectura
_aESCULTURA
650 _2Tesauro de Arte & Arquitectura
_aPINTURA
650 _2Tesauro de Arte & Arquitectura
_aDIBUJO
700 _aSiqueira Lopes, Joao Paulo
_eorganizacion
942 _2ddc
_c1
_h708.9
_iT557d
_n0
999 _c2795
_d2795